[Event "ICS Rated blitz match"]
[Site "207.99.83.229"]
[Date "1999.07.20"]
[Round "?"]
[White "Hossa"]
[Black "Amateur"]
[Result "1/2-1/2"]
[WhiteElo "2435"]
[BlackElo "2450"]
[Annotator "Fritz 5.32 (15s)"]
[PlyCount "83"]
[EventDate "1999.??.??"]

1. d4 1... d5 {Opening = D33 - 4.cd5 ed5 5.Nf3 Nc6 6.g3 (Nf6 7.Bg2 ---)} 2. c4
e6 3. Nc3 c5 4. cxd5 exd5 5. Nf3 Nc6 6. g3 Nf6 7. Bg2 cxd4 8. Nxd4 8... Bb4
$146 (8... Bc5 9. Nb3 (9. Nxc6 bxc6 10. O-O O-O 11. Qc2 Ng4 12. Na4 Bxf2+ 13.
Rxf2 Nxf2 14. Kxf2 Qf6+ 15. Kg1 Bf5 16. Qc3 Qe6 17. Bf3 Rfe8 18. Nc5 Qe7 19.
Kf2 Rad8 20. Be3 g5 21. Re1 g4 22. Bg2 h5 23. Bd4 23... Rd6 {
Lopushnoy,D-Smolianinov,V/Russia Cup 1997/1-0 (44)}) 9... Bb4 10. O-O Be6 11.
Nb5 O-O 12. a3 Be7 13. Bf4 a6 14. Nc7 Rc8 15. Nxe6 fxe6 16. Bh3 e5 17. Bxc8
Qxc8 18. Bg5 d4 19. Qd3 Qh3 20. Bxf6 Rxf6 21. Qe4 Rh6 22. Qg2 Qf5 23. Qd5+ {
Hansen,H-Nicholson,J/5th Nordic GP, Torshavn FAI 1997/1-0 (50)}) (8... Qb6 9.
Nxc6 bxc6 10. O-O Be7 11. e4 Ba6 12. Re1 dxe4 13. Nxe4 O-O 14. Be3 Qb5 15. Bg5
Rad8 16. Qc2 Qc4 17. Qxc4 Bxc4 18. Nxf6+ Bxf6 19. Bxf6 gxf6 20. Bxc6 Rd2 21. b3
Rc8 22. Bb7 Rb8 23. Bf3 {
Gyimesi,Z-Ponomariov,R/World Juniors, Zagan POL 1997/1-0 (50)}) 9. Bg5 O-O 10.
Rc1 h6 11. Bf4 Re8 12. Nxc6 {Der Isolani d5 wird belagert} 12... bxc6 13. a3
Bd6 14. Bxd6 Qxd6 15. b4 Bd7 16. O-O a5 17. b5 cxb5 (17... Qxa3 18. bxc6 Bxc6
19. Bxd5 Nxd5 20. Nxd5 $17) 18. Nxd5 Rad8 19. Nxf6+ $17 (19. e3 Re5 20. Nxf6+
20... Qxf6 $11) 19... Qxf6 20. Qe1 Qb6 21. e3 Re6 22. Rd1 Bc6 23. Rxd8+ Qxd8
24. Bxc6 Rxc6 25. Qd1 Qxd1 26. Rxd1 Rc3 27. Rb1 $17 (27. Ra1 b4 28. axb4 28...
axb4 $11) 27... Rxa3 28. Rxb5 a4 29. Kg2 29... Rc3 $15 (29... Ra1 $5 $17) 30.
h4 $17 (30. Ra5 30... Rc4 $15) 30... a3 $11 (30... g6 $5 $17) 31. Ra5 Kh7 32.
h5 Rd3 33. Ra7 f6 34. Kf3 Rc3 35. Ra5 Rb3 36. Ra8 Rd3 37. Ra7 Rc3 38. Ra5 38...
Kg8 $14 (38... Rb3 39. g4 $14) 39. Ra8+ Kf7 40. Ra7+ Kg8 41. Ra8+ $11 (41. g4
41... Kh7 $14) 41... Kh7 42. Ra5 1/2-1/2

[Event "ICS Rated blitz match"]
[Site "207.99.83.229"]
[Date "1999.07.20"]
[Round "?"]
[White "Beadle"]
[Black "Hossa"]
[Result "1/2-1/2"]
[WhiteElo "2581"]
[BlackElo "2436"]
[Annotator "Fritz 5.32 (15s)"]
[PlyCount "161"]
[EventDate "1999.??.??"]

1. e4 1... Nf6 $14 {Opening = B05 - 4.Nf3 Bg4} (1... e5 2. Nf3 $11) 2. e5 Nd5
3. d4 d6 4. Nf3 Bg4 5. Be2 5... c6 {Staerkt b5} 6. O-O dxe5 7. Nxe5 Bxe2 8.
Qxe2 e6 9. c4 Nf6 10. Rd1 Be7 11. Nc3 O-O 12. Bg5 Nfd7 13. Bf4 Bb4 14. Nd3 Bxc3
15. bxc3 Nb6 16. Nc5 {Weiss ergreift die Initiative} 16... Qe7 17. a4 Nc8 18.
a5 b6 19. axb6 Nxb6 20. Ne4 Re8 21. Ra5 N8d7 22. Nd6 Red8 23. Qf3 23... e5 $18
(23... Nf6 24. Qxc6 Ne8 25. Nxe8 Qxe8 26. Qxe8+ Rxe8 27. c5 $18) 24. dxe5 c5
25. Qg3 Qe6 26. Bg5 $4 $15 {danach wendet sich das Blatt} (26. Bh6 $1 $142 {
Weiss haette nun das bessere Spiel} 26... g6 27. f4 $18) 26... Rdb8 $4 $16 {
gibt den Vorteil aus der Hand} (26... Nxe5 $142 {und Schwarz spielt mit} 27.
Bxd8 Rxd8 28. Rxc5 28... Rxd6 $17) 27. Bf6 {Mit der Mattdrohung Qxg7} 27... g6
$18 (27... Nxf6 28. exf6 Qxf6 29. Rxc5 $16) 28. f4 Nxf6 29. f5 $1 {
haelt den Vorteil fest} (29. exf6 $6 29... Qxf6 30. f5 30... Nd7 $14) 29... Qd7
$18 (29... Qe7 30. exf6 Qxf6 31. Rxc5 $16) 30. exf6 Nxc4 31. fxg6 {
Droht Matt: gxh7} 31... hxg6 (31... Nxa5 $4 {Schwarz ist zu gierig} 32. gxh7+
Kxh7 33. Qg7#) 32. Rxc5 $1 {haelt den Vorteil fest} 32... Nxd6 33. Qxd6 33...
Qxd6 {Es droht Matt} 34. Rxd6 a5 35. g4 $17 (35. Rc7 $142 {und Weiss spielt mit
} 35... Rc8 36. Re7 $14) 35... a4 36. Rd1 a3 37. Re5 37... a2 {
Droht entscheidend Rb1} 38. Ree1 Ra4 39. h3 (39. Kf2 Rb2+ 40. Ke3 Rxg4 41. Rd8+
41... Kh7 $17) 39... Rb3 (39... Ra3 40. Ra1 Rb2 41. Rf1 Rxc3 42. Rfe1 $19) 40.
Ra1 40... Rxc3 $15 (40... g5 41. Kf2 Rf4+ 42. Kg2 Rb2+ 43. Kg3 Rxf6 44. c4 $17)
41. Re8+ Kh7 42. Re2 Rxh3 43. Raxa2 Rxg4+ 44. Rg2 Rgh4 45. Ra6 Rh5 46. Rg4
46... Rh1+ $17 (46... g5 $5 $19) 47. Kf2 (47. Kg2 $5 $17) 47... R5h2+ (47... g5
48. Rd6 $19) 48. Kg3 48... Rh3+ $15 (48... Rb2 $5 49. Rga4 49... g5 $19) 49.
Kf2 $17 (49. Kg2 R1h2+ 50. Kg1 50... Kh6 $15) 49... Rb3 50. Kg2 Rbb1 51. Re4 g5
52. Re5 Kg6 53. Re8 Rhd1 54. Rg8+ 54... Kf5 {Droht Matt} 55. Ra5+ Kxf6 56. Ra6+
56... Ke5 {Mit der Mattdrohung Rb2} 57. Ra5+ Kf4 58. Ra4+ Ke3 59. Re8+ Kd3 60.
Rd8+ Kc3 61. Rxd1 Rxd1 62. Ra3+ Kc4 63. Rf3 Rd2+ 64. Kf1 Kd4 65. Rxf7 Ke3 66.
Rb7 g4 67. Rb3+ Kf4 68. Kg1 Kg5 69. Ra3 Kh4 70. Rc3 70... g3 $17 (70... Rb2 $5
71. Rc7 $19) 71. Rc8 Ra2 72. Rh8+ Kg4 73. Rg8+ Kf4 74. Rf8+ Ke4 75. Re8+ 75...
Kf3 {Mit der Mattdrohung Ra1} 76. Rf8+ Ke3 77. Re8+ Kd2 78. Kg2 Ra3 79. Rg8 Rb3
80. Rxg3 Rxg3+ 81. Kxg3 1/2-1/2

[Event "ICS Rated blitz match"]
[Site "207.99.83.229"]
[Date "1999.07.20"]
[Round "?"]
[White "Hossa"]
[Black "topolino"]
[Result "0-1"]
[WhiteElo "2442"]
[BlackElo "2591"]
[Annotator "Fritz 5.32 (15s)"]
[PlyCount "130"]
[EventDate "1999.??.??"]

1. d4 1... d5 {Opening = D31 - 3.Nc3 --} 2. c4 e6 3. Nc3 c6 4. e4 dxe4 5. Nxe4
Bb4+ 6. Bd2 Qxd4 7. Bxb4 Qxe4+ 8. Ne2 (8. Be2 Ne7 9. Qd2 Ng6 10. Nh3 Na6 11.
O-O-O f6 12. Ba3 Kf7 13. g4 c5 14. f4 Rf8 15. Rhf1 Kg8 16. Bd3 Qc6 17. Nf2 Rb8
18. h4 e5 19. Bxg6 hxg6 20. fxe5 fxe5 21. b3 Nb4 22. Bxb4 cxb4 23. Qxb4 Be6 24.
Rd6 Qg2 25. Qe1 Rbe8 26. Rd2 Qf3 27. Rg1 e4 28. Qxe4 Qc3+ 29. Qc2 Qa1+ 30. Qb1
Qc3+ 31. Qc2 {- Van Wely,L-Krasenkow,M/Pamplona ESP 1998 (31)}) 8... Nd7 9. Qd6
9... c5 $146 (9... a5 10. Ba3 Qe5 11. Qd2 c5 12. f4 Qe4 13. O-O-O Ne7 14. Nc3
Qc6 15. Bd3 O-O 16. g4 Re8 17. Rhe1 Nf8 18. Re5 Bd7 19. Nb5 Rec8 20. Rxc5 Qb6
21. Rxc8 Rxc8 22. Nd6 Rc7 23. Kb1 Bc6 24. f5 exf5 25. gxf5 Qd4 26. Qxa5 b6 27.
Qe1 Rd7 28. Bc2 Qf4 29. Rd2 Qh6 30. Re2 Qf6 31. Ne8 {
1-0 Hebert Jean-Ristovic Nenad/Montreal CAN (8) 1995 (31)}) (9... e5 10. Rd1 h5
11. f3 Qh4+ 12. Ng3 Rh6 13. Qd2 c5 14. Bc3 f5 15. Qf2 Ne7 16. Bd3 16... Rf6 {
- Kniest,O-Skudnov,S/Open, Bled SLO 1998 (16)}) 10. Bxc5 Nxc5 11. Qxc5 Bd7 12.
Qg5 g6 13. Qc5 b6 14. Qc7 Ne7 15. Rd1 Bc6 16. b3 Qf5 17. f4 g5 18. Kf2 gxf4 19.
Rg1 e5 20. Rd2 Qg5 21. Ke1 O-O 22. Qd6 Rfe8 23. h4 Qf5 24. Qc7 Qh5 25. Kd1 Be4
26. g4 26... fxg3 $17 (26... Qxh4 $5 27. Nc3 Bf3+ 28. Be2 Bxe2+ 29. Rxe2 29...
Rad8+ $19) 27. Kc1 Ng6 28. Nxg3 Qxh4 29. Nxe4 Qxe4 30. Kb2 Qf4 31. Qd7 31...
Re7 $17 (31... Rad8 $5 $142 32. Qxd8 Rxd8 33. Rxd8+ 33... Kg7 $19) 32. Qd5 Rf8
33. Kb1 Kh8 34. Bg2 f5 35. Rd3 (35. Rdd1 35... e4 $19) 35... Qg5 36. Rd2 Nf4
37. Qd6 Qg7 (37... Nxg2 38. Rdxg2 Qh4 39. Rg5 Qe4+ 40. Kc1 $11) 38. Qc6 (38.
Rgd1 $19) 38... Rg8 (38... Nxg2 $6 39. Rdxg2 Qf7 40. Rg5 $19) 39. Qf3 Re6 (
39... Nxg2 $2 {ist ein Schlag ins Wasser} 40. Rdxg2 Qxg2 41. Rxg2 Rxg2 42. Qxg2
$18) 40. Qd1 Nxg2 (40... Qg3 $5 $142 {
damit wuerde Schwarz es sich noch erleichtern} 41. Qc1 $19) 41. Rdxg2 {
Mit der Mattdrohung Rxg7} 41... Qxg2 42. Rxg2 {
Schwarz darf Weiss nun nicht zu Qd7 kommen lassen} 42... Rxg2 43. Qd5 Rgg6 44.
c5 h5 (44... Kg7 {gibt noch groesseren Vorteil} 45. Qb7+ Kh6 46. Qxa7 bxc5 47.
Kb2 $19) 45. Qh1 Kg7 46. Qxh5 Rg1+ (46... f4 47. c6 Rxc6 48. Qxe5+ Rgf6 49.
Qe7+ Kh6 50. Qxa7 $19) 47. Kc2 Rg2+ 48. Kb1 $2 (48. Kc3 $142 48... f4 49. Qf5
$19) 48... Rh6 $1 {die Pointe. Droht Matt: Rxh5} 49. Qd1 Rhh2 (49... bxc5 $6 {
ist minderwertig} 50. Qd7+ Kh8 51. Qc8+ Kh7 52. Qxf5+ Rhg6 53. Qxe5 $15) 50.
cxb6 axb6 51. a4 Kh6 52. b4 (52. Qc1+ f4 53. a5 bxa5 54. Qf1 $19) 52... Rb2+
53. Kc1 53... Ra2 {Droht Matt} 54. Qd6+ Kg5 55. Kb1 55... Rad2 {Droht Matt} 56.
Qe7+ 56... Kf4 {Droht Matt: Rd1} 57. Kc1 Rc2+ 58. Kb1 58... Rce2 {Es droht Matt
} 59. Qc7 Rh1+ (59... Re1+ 60. Qc1+ Rxc1+ 61. Kxc1 $19) 60. Qc1+ Rxc1+ 61. Kxc1
Ke3 62. a5 f4 63. a6 (63. axb6 {hilft allerdings auch nicht} 63... f3 64. b7 f2
65. b8=Q f1=Q#) 63... f3 64. b5 (64. a7 {holt die Kuh nicht vom Eis} 64... f2
65. a8=Q f1=Q#) 64... f2 65. Kd1 f1=Q# 0-1

[Event "ICS Rated blitz match"]
[Site "207.99.83.229"]
[Date "1999.07.20"]
[Round "?"]
[White "inmortal"]
[Black "Hossa"]
[Result "0-1"]
[WhiteElo "2334"]
[BlackElo "2432"]
[Annotator "Hiarcs 6.0 (21s)"]
[PlyCount "94"]
[EventDate "1999.??.??"]

1. e4 1... Nf6 {Opening = B02 - 1.e4 Nf6(2.e5 Nd5 3.---)} 2. Nc3 d5 3. exd5 g6
4. Bc4 Bg7 5. Nf3 O-O 6. O-O c6 7. dxc6 Nxc6 8. d3 Bg4 9. h3 Bh5 10. g4 Nxg4
11. hxg4 Bxg4 12. Bf4 e6 13. Ne4 Nd4 14. Ned2 b5 15. Bb3 Qf6 16. Be5 Qxe5 17.
Nxe5 Bxd1 18. Rfxd1 Bxe5 19. c3 Ne2+ 20. Kf1 Nf4 21. d4 Bg7 22. a4 b4 23. Ne4
Rab8 24. c4 Rbd8 25. d5 exd5 26. cxd5 Rfe8 27. Nc5 Bxb2 28. Rab1 Bc3 29. d6 Re5
30. Nd3 Rf5 31. Nxf4 Rxf4 32. Rd3 Bd4 33. f3 a5 34. Rbd1 Rxd6 35. Kg2 Rh4 36.
R1d2 h5 37. Rd1 Kg7 38. R1d2 f5 39. Rd1 g5 40. R1d2 Rf4 41. Rd1 g4 42. R1d2 h4
43. Rd1 gxf3+ 44. Rxf3 Rg6+ 45. Kh1 Rxf3 46. Rd2 (46. Rd3 {
waere gleichermassen fruchtlos} 46... Rxd3 $1 {die Entscheidung} 47. Bc2 Rh3#)
46... Rh3+ 47. Rh2 Rg1# 0-1

[Event "ICS Rated blitz match"]
[Site "207.99.83.229"]
[Date "1999.07.20"]
[Round "?"]
[White "Hossa"]
[Black "inmortal"]
[Result "1-0"]
[WhiteElo "2444"]
[BlackElo "2322"]
[PlyCount "59"]
[EventDate "1999.??.??"]

1. d4 Nf6 2. c4 g6 3. Nc3 Bg7 4. e4 d6 5. f3 O-O 6. Be3 Nc6 7. Rb1 a6 8. d5 Ne5
9. Qc1 c5 10. Bh6 b5 11. cxb5 Qa5 12. bxa6 Bxa6 13. Qg5 Rfb8 14. Bxa6 Qxa6 15.
Nge2 Nd3+ 16. Kf1 Nxb2 17. Bxg7 Kxg7 18. Kf2 Nd3+ 19. Kg3 Nh5+ 20. Kh4 Nf6 21.
Rhf1 Qc8 22. Rxb8 Rxb8 23. f4 Rb4 24. Qg3 Nxe4 25. Nxe4 Rxe4 26. Qxd3 f5 27.
Nc3 Rd4 28. Qe3 Kf6 29. Re1 g5+ 30. Kh3 {inmortal resigns} 1-0

[Event "ICS Rated blitz match"]
[Site "207.99.83.229"]
[Date "1999.07.20"]
[Round "?"]
[White "topolino"]
[Black "Hossa"]
[Result "1-0"]
[WhiteElo "2601"]
[BlackElo "2455"]
[Annotator "Hiarcs 6.0 (21s)"]
[PlyCount "72"]
[EventDate "1999.??.??"]

1. e4 1... Nf6 {Opening = B04 - 3.d4 d6 4.Nf3 ---} 2. e5 Nd5 3. d4 d6 4. c4 Nb6
5. exd6 cxd6 6. h3 {Deckt g4} 6... g6 7. Nf3 Bg7 8. Be2 O-O 9. Nc3 Nc6 10. O-O
Bf5 11. Be3 e5 12. d5 {Weiss engt den Gegner ein} 12... Na5 13. c5 $11 (13. b3
$5 $16) 13... Nbc4 14. Qc1 Nxe3 15. Qxe3 dxc5 16. Qxc5 {
Der Freibauer d5 ist ein wichtiges Motiv} 16... f6 {Kontrolliert g5} 17. d6 {
Weiss hat einen starken Freibauern} 17... Kh8 18. Rad1 Nc6 19. Bd3 Bxd3 20.
Rxd3 20... Rc8 $14 (20... f5 21. Rd5 $11) 21. Rfd1 b6 22. Qe3 $11 (22. Qb5
22... Qd7 $11) 22... Rf7 $14 (22... Qd7 23. R3d2 $11) 23. Nb5 23... Nb4 $16 (
23... Rd7 $5 $11 $142 {muss geprueft werden}) 24. d7 Rb8 25. Rd6 a5 26. a3 Bf8
27. Qb3 $16 (27. axb4 Bxd6 28. Nxd6 Rxd7 29. Nf7+ Kg8 30. Nxd8 Rxd1+ 31. Kh2
Rdxd8 32. Qb3+ 32... Kh8 $18) 27... Kg7 28. Nfd4 exd4 29. Nxd4 $1 {
logisch und kraftvoll.} 29... Re7 30. axb4 axb4 (30... Re4 {
aendert den traurigen Lauf der Dinge nicht} 31. Ne6+ Rxe6 32. Rxe6 $18) 31. Qf3
$1 {Boing!} 31... Re5 32. Rd5 32... Qc7 {
Wenn Schwarz nun zu Rd8 kommt, geht es ihm besser} 33. Rxe5 $1 {entscheidend}
33... Qxe5 {Weiss darf Schwarz nun nicht zu Rd8 kommen lassen} 34. Nc6 Qc7 35.
Nxb8 Be7 36. d8=B Qxb8 1-0

[Event "ICS Rated blitz match"]
[Site "207.99.83.229"]
[Date "1999.07.20"]
[Round "?"]
[White "Hossa"]
[Black "topolino"]
[Result "0-1"]
[WhiteElo "2445"]
[BlackElo "2611"]
[Annotator "Hiarcs 6.0 (21s)"]
[PlyCount "87"]
[EventDate "1999.??.??"]

1. d4 1... d5 {Opening = D10 - 3.---} 2. c4 c6 3. Nc3 Nf6 4. cxd5 cxd5 5. f3 (
5. Bf4 Nc6 (5... e6 6. e3 Bd6 7. Bxd6 Qxd6 8. Nf3 Nc6 9. Bd3 Bd7 10. O-O Rc8
11. a3 11... Na5 {- Ksieski,Z-Bogdanovich,G/Untergrombach GER 1999 (11)}) 6. e3
a6 7. Bd3 Bg4 8. Nge2 e6 9. Rc1 Bd6 10. Qd2 Bxe2 11. Nxe2 O-O 12. O-O Re8 13.
h3 g6 14. Rfd1 Bxf4 15. Nxf4 Qd6 16. a3 Rad8 17. Bb1 Re7 18. Nd3 Ne4 19. Qe1
19... Rc7 {Salov,V-Short,N/Hoogovens, Wijk aan Zee NED 1997/ - (37)}) 5... Nc6
6. e4 6... dxe4 $146 (6... e6 7. e5 Nd7 8. f4 Bb4 9. Nf3 Qa5 10. Bd2 Qb6 11.
Na4 Bxd2+ 12. Qxd2 Qb4 13. Nc3 Nb6 14. Nb5 O-O 15. Rc1 Qxd2+ 16. Kxd2 f6 17.
Nd6 fxe5 18. fxe5 Nb4 19. a3 Nc6 20. Bb5 Bd7 21. Ke3 {
Hitech-Star Socrates/8th World Computer Chess Championships, 1995/0-1 (60)}) 7.
d5 Ne5 8. fxe4 Bd7 9. Bf4 Ng6 10. Bg5 Qb6 11. Qb3 Qxb3 12. axb3 {Staerkt a4}
12... a6 $11 {Sichert b5} (12... e6 13. Nf3 $11) 13. Rc1 $15 (13. Nf3 13... e6
$11) 13... e6 14. Bxf6 {Schwarz kann nicht lang rochieren} 14... gxf6 15. Bc4
15... Ne5 {Der Springer kann schlecht vertrieben werden} 16. Nh3 Rc8 17. O-O
Bh6 18. Rc2 b5 19. Be2 b4 20. Bxa6 Rc5 21. Rxf6 Ng4 22. Rf3 Ne3 23. Rc1 23...
bxc3 $17 (23... Rg8 24. g3 bxc3 25. Rxc3 $19) 24. Rxc3 Rxc3 25. bxc3 25... Rg8
{Schwarz geht zum Angriff ueber} 26. d6 $4 $19 {
auch bessere Zuege haetten die Partie nicht gerettet.} (26. g3 $142 26... exd5
27. Nf4 $17) 26... Rxg2+ 27. Kh1 Rd2 28. Rg3 Rxd6 29. Be2 Bc6 30. Bf3 Rd3 31.
Rg8+ Ke7 32. Rh8 Nc2 33. Rxh7 (33. Ng1 {aendert nichts am Ausgang der Partie}
33... Be3 34. Rc8 Rxc3 35. Rc7+ 35... Ke8 $19) 33... Rxf3 $1 {
die Pointe. Mit der Mattdrohung Bxe4} 34. Rxh6 34... Bxe4 $1 {
die Entscheidung. Droht Matt: Rg3} 35. Kg1 35... Ne3 $1 {
ist die Ueberraschung!. Es droht Matt} 36. Nf2 36... Rxf2 {Droht Matt} 37. Kxf2
(37. Rxe6+ {aendert nichts mehr} 37... Kxe6 38. Kxf2 Nd1+ 39. Ke2 Nxc3+ 40. Ke3
40... Ke5 $19) 37... Ng4+ 38. Kg3 Nxh6 39. Kf4 (39. c4 {hilft auch nicht mehr}
39... e5 $19) 39... f5 40. c4 Kf6 41. Kg3 Ng4 (41... Ke5 {ist genauer} 42. Kf2
$19) 42. h3 Ne5 43. Kf4 Bc2 44. Ke3 0-1

[Event "ICS Rated blitz match"]
[Site "207.99.83.229"]
[Date "1999.07.20"]
[Round "?"]
[White "Murder1"]
[Black "Hossa"]
[Result "1-0"]
[WhiteElo "2510"]
[BlackElo "2436"]
[Annotator "Hiarcs 6.0 (21s)"]
[PlyCount "63"]
[EventDate "1999.??.??"]

1. e4 1... Nf6 {Opening = B02 - 1.e4 Nf6(2.e5 Nd5 3.---)} 2. Nc3 d5 3. e5 d4 4.
exf6 dxc3 5. fxg7 cxd2+ 6. Qxd2 Qxd2+ 7. Bxd2 Bxg7 8. O-O-O Nc6 9. Bf4 e5 10.
Bg3 (10. Be3 10... Be6 $11) 10... O-O 11. Nf3 Bf5 12. Bc4 Rad8 13. Rhe1 {
Wird e5 fallen?} 13... Bg4 $16 (13... Rxd1+ $5 {
ist nicht von der Hand zu weisen} 14. Rxd1 14... Bg4 $11) 14. Rd5 $11 {
Im Brennpunkt: e5} (14. Bd5 $5 $16) 14... Bxf3 15. gxf3 Rfe8 16. c3 {
Ueberdeckt b4+d4} 16... Kh8 $16 (16... a6 $5 $11 $142 {ist zu ueberlegen}) 17.
Rb5 17... b6 $16 (17... Re7 18. Rxb7 Na5 19. Rb4 $16) 18. Bxf7 Re7 (18... Rf8
19. Bc4 $16) 19. Bc4 (19. Bb3 Red7 20. Bh4 20... Rf8 $16) 19... Red7 20. Be2 (
20. Bh4 Bh6+ 21. Kc2 Rd2+ 22. Kb3 22... Rf8 $16) 20... a6 21. Rb3 21... Rd5 $18
(21... Bh6+ 22. Kb1 Rd5 23. a3 $16) 22. Kb1 $16 (22. f4 Bh6 23. Bf3 23... Rd3
$14) 22... b5 $18 (22... Bh6 $5 $16 $142) 23. f4 exf4 24. Bxf4 Be5 (24... Re8
25. Ra3 a5 26. Be3 $18) 25. Bg5 Rf8 26. c4 bxc4 27. Rf3 Rb8 28. Bxc4 $1 {
huebsch} 28... Rd6 (28... Rxb2+ 29. Kc1 Rbb5 30. Bxd5 Rxd5 31. Bf6+ Bxf6 32.
Rxf6 Rc5+ 33. Kd2 $18) 29. b3 a5 30. Rf7 h6 31. Bc1 (31. Bh4 $5 {
erleichterte Weiss die Gewinnfuehrung} 31... Rd4 32. Rxe5 32... Rxh4 $18) 31...
Bxh2 (31... a4 $18) 32. Bb2+ $1 {ein laestiges Schach} (32. Bb2+ Be5 33. Rxe5
Rd1+ 34. Kc2 Nxe5 35. Bxe5+ Kg8 36. Kxd1 $18) 1-0

[Event "ICS Rated blitz match"]
[Site "207.99.83.229"]
[Date "1999.07.20"]
[Round "?"]
[White "Hossa"]
[Black "Murder1"]
[Result "0-1"]
[WhiteElo "2423"]
[BlackElo "2523"]
[Annotator "Hiarcs 6.0 (21s)"]
[PlyCount "143"]
[EventDate "1999.??.??"]

1. d4 1... d5 {Opening = 5.cd5 Nd5 6.e4} 2. c4 e6 3. Nc3 Nf6 4. cxd5 Nxd5 5. e4
Nxc3 6. bxc3 c5 7. Nf3 Be7 (7... cxd4 8. cxd4 Nc6 (8... Bb4+ 9. Bd2 Bxd2+ 10.
Qxd2 O-O 11. Bc4 b6 12. d5 Ba6 13. Bxa6 Nxa6 14. d6 f6 15. O-O Qd7 16. e5 Rac8
17. Rfe1 17... Nc5 {- Zhu Chen-Van Wely,L/4th ST Lee Cup, Beijing CHN 1997 (17)
}) 9. Bd3 Bb4+ 10. Bd2 O-O 11. Bxb4 Nxb4 12. Bb1 b6 13. O-O Bb7 14. a3 Nc6 15.
Qd3 Qf6 16. Qe3 Rad8 17. Rd1 Rd7 18. Ra2 18... Ne5 {
- Van Wely,L-Piket,J/It, Groningen NED (8) 1995 (18)}) 8. Bb5+ $146 (8. Rb1 O-O
9. Bc4 Nc6 10. O-O Na5 11. Bd3 b6 12. Re1 Bb7 13. Bf4 Rc8 14. Qe2 cxd4 15. cxd4
Bd6 16. Bd2 Nc6 17. e5 Be7 18. Qe4 g6 19. Bh6 Re8 20. Rbd1 Rc7 21. Qf4 Nb4 22.
Ng5 22... Bf8 {
Rasmussen,P-Klartansson,D/Politiken, Copenhagen DEN (4) 1996/0-1 (39)}) 8...
Bd7 9. Rb1 9... O-O $14 (9... Qa5 10. Bxd7+ Nxd7 11. O-O $11) 10. Bxd7 Qxd7 11.
Ne5 Qc7 12. Qb3 b6 13. O-O Nc6 14. Nxc6 Qxc6 15. f3 Rfd8 16. Be3 Rac8 17. Rbc1
Qe8 18. Rfd1 b5 19. Qb2 19... f6 {Verwehrt dem Gegner g5} 20. Qb3 Bf8 (20...
Bd6 21. c4 cxd4 22. Rxd4 $11) 21. f4 a6 22. dxc5 Bxc5 23. Bxc5 Rxd1+ 24. Rxd1
Rxc5 25. Rd6 Rc6 26. Rxc6 $15 (26. e5 fxe5 27. fxe5 27... Rc4 $11) 26... Qxc6
27. Qb4 f5 28. exf5 28... Kf7 $11 (28... exf5 29. Qe7 $15) 29. fxe6+ $17 (29.
a4 $5 29... bxa4 30. fxe6+ Kxe6 31. Kf2 $11) 29... Qxe6 $1 {
zementiert den Vorteil. Droht Matt} 30. Qb1 Qe3+ 31. Kh1 Qxf4 32. h3 h5 33. Qd3
h4 34. Qd5+ Kg6 35. Qe6+ Qf6 36. Qe2 Qxc3 37. Qe4+ Kf7 38. Qb7+ Ke8 39. Qa8+
Kd7 40. Qa7+ 40... Qc7 {Es droht Matt} 41. Qxa6 Qe5 42. Qb7+ Ke6 43. Qc8+ Ke7
44. Qb7+ Kf8 45. Qc8+ Kf7 46. Qd7+ Kg6 47. Qg4+ Qg5 48. Qe4+ Kf6 49. Qc6+ Ke7
50. Qb7+ Ke6 51. Qc7 g6 52. Qc8+ $15 (52. Qc6+ 52... Kf7 $11) 52... Kd5 53. Qc3
Qf5 54. Qb3+ Kc6 55. Qc3+ Kb7 56. Qf3+ $17 (56. Qb4 $5 $11 $142 {
ist vielleicht staerker}) 56... Qxf3 {Mit der Mattdrohung Qg3} 57. gxf3 57...
Kc6 {Schwarz droht stark b4. Schwarz haelt das Heft fest in der Hand} 58. Kg2
58... Kd5 {Mit der Idee b4} 59. Kf2 59... Kd4 {Schwarz droht b4} 60. a3 (60. f4
{nuetzt auch nichts mehr} 60... Kc3 61. Kf3 61... Kb2 $19) 60... Kc3 61. Ke3
Kb2 62. Kd4 (62. Kf4 {holt die Kuh nicht vom Eis} 62... Kxa3 63. Kg5 63... b4
$19) 62... Kxa3 63. Ke5 (63. f4 b4 64. f5 64... gxf5 $19) 63... b4 64. Kf4 (64.
Kf6 {kann das Vorangegangene nicht ungeschehen machen} 64... b3 65. Kxg6 65...
b2 $19) 64... b3 65. Kg5 b2 66. Kxh4 66... b1=Q $1 {kraeftig gespielt} 67. Kg3
Qg1+ 68. Kf4 Qh2+ (68... Kb4 69. h4 Kc5 70. h5 gxh5 71. Ke4 $19) 69. Ke3 g5 (
69... Qxh3 $142 {und Schwarz ist direkt am Ziel} 70. Kf4 Qh4+ 71. Ke3 71... g5
$19) 70. h4 Qf4+ 71. Kf2 gxh4 72. Ke2 0-1

[Event "ICS Rated blitz match"]
[Site "207.99.83.229"]
[Date "1999.07.20"]
[Round "?"]
[White "TDChess"]
[Black "Hossa"]
[Result "1-0"]
[WhiteElo "2524"]
[BlackElo "2411"]
[Annotator "Hiarcs 6.0 (21s)"]
[PlyCount "77"]
[EventDate "1999.??.??"]

1. e4 1... Nf6 {Opening = B05 - 4.Nf3 Bg4} 2. e5 Nd5 3. d4 d6 4. Nf3 Bg4 5. Be2
5... c6 {Befestigt b5} 6. O-O dxe5 7. dxe5 Nd7 8. c4 Nb4 9. a3 Na6 10. Qd4 $14
(10. Ng5 $5 10... Bxe2 11. e6 $18) 10... f5 $16 (10... Bxf3 11. Bxf3 Nb6 12.
Qc3 $16) 11. exf6 Nxf6 12. Qxd8+ Rxd8 13. Be3 e5 14. Bxa7 {
Nun geraet Schwarz unter starken Druck.} 14... e4 15. Nd4 15... c5 $14 (15...
Bc5 16. Bxc5 Nxc5 17. h3 Bxh3 18. Nxc6 Bxg2 19. Kxg2 bxc6 20. Nc3 $11) 16. Bxg4
cxd4 17. Bf5 Bc5 18. Bxc5 Nxc5 19. b4 19... Nb3 $16 (19... g6 $5 $142 {
ist die kritische Fortsetzung} 20. Bh3 20... Nd3 $14) 20. Ra2 20... O-O $4 {
ein Fehler, doch es war nicht viel zu retten} (20... d3 $142 21. Nc3 Nd4 22.
Bxe4 Nxe4 23. Nxe4 23... O-O $18) 21. Rb2 Na1 22. Nd2 e3 23. Nf3 Nc2 24. Bxc2
d3 25. Bb1 e2 26. Re1 26... Ne4 {Wenn Schwarz jetzt zu Rxf3 kaeme...} 27. Bxd3
$1 {das wars} 27... Rxd3 28. Rbxe2 Nd6 29. c5 Nf5 30. Ra2 Rfd8 31. Ne5 31...
Rd1 {Droht Matt: Rxe1} 32. Kf1 Nh4 (32... R1d5 {waere gleichermassen fruchtlos}
33. c6 bxc6 34. Nxc6 $18) 33. Rae2 Rxe1+ 34. Rxe1 Ra8 35. Nc4 Nf5 36. Na5 Kf7
37. Nxb7 37... Rxa3 {Der Freibauer c5 fuehrt schnell zu Drohungen} 38. c6 Kg6 (
38... Rc3 {hilft allerdings auch nicht} 39. b5 Kf8 40. Ke2 Nd4+ 41. Kd2 Nxb5
42. Nd6 $18) 39. c7 (39. c7 Ra8 40. g4 $18) 1-0